加爾文約翰的關懷與期許 = (Record no. 39154)
[ view plain ]
| 000 -LEADER | |
|---|---|
| fixed length control field | 00690nam a22002297a 4500 |
| 001 - CONTROL NUMBER | |
| control field | 100826644 |
| 003 - CONTROL NUMBER IDENTIFIER | |
| control field | OSt |
| 005 - DATE AND TIME OF LATEST TRANSACTION | |
| control field | 20150704105321.0 |
| 008 - FIXED-LENGTH DATA ELEMENTS--GENERAL INFORMATION | |
| fixed length control field | 970331s1997 ch ||| |||| 00| 0 chi d |
| 020 ## - INTERNATIONAL STANDARD BOOK NUMBER | |
| International Standard Book Number | 9579185395 (平裝): |
| 040 ## - CATALOGING SOURCE | |
| Original cataloging agency | FJU |
| 041 0# - LANGUAGE CODE | |
| Language code of text/sound track or separate title | chi |
| 050 ## - LIBRARY OF CONGRESS CALL NUMBER | |
| Classification number | BX9418 |
| 100 1# - MAIN ENTRY--PERSONAL NAME | |
| Personal name | 楊東川. |
| 245 10 - TITLE STATEMENT | |
| Title | 加爾文約翰的關懷與期許 = |
| Remainder of title | The concern and expectation of John Calvin / |
| Statement of responsibility, etc | 楊東川著. |
| 250 ## - EDITION STATEMENT | |
| Edition statement | 初版. |
| 260 ## - PUBLICATION, DISTRIBUTION, ETC. (IMPRINT) | |
| Place of publication, distribution, etc | 臺北市 : |
| Name of publisher, distributor, etc | 永望文化, |
| Date of publication, distribution, etc | 民86. |
| 300 ## - PHYSICAL DESCRIPTION | |
| Extent | 10, 82面 : |
| Other physical details | 圖 ; |
| Dimensions | 21公分. |
| 504 ## - BIBLIOGRAPHY, ETC. NOTE | |
| Bibliography, etc | 參考書目: 面77-80 |
| 600 ## - SUBJECT ADDED ENTRY--PERSONAL NAME | |
| Source of heading or term | csh |
| Personal name | 加爾文 |
| -- | 加爾文 |
| General subdivision | 學術思想 |
| -- | 神學 |
| Titles and other words associated with a name | (Calvin, Jean, 1509-1564) |
| 942 ## - ADDED ENTRY ELEMENTS (KOHA) | |
| Source of classification or shelving scheme | Library of Congress Classification |
| Item type | Books |
| Withdrawn status | Lost status | Source of classification or shelving scheme | Damaged status | Not for loan | Home library | Current library | Shelving location | Date acquired | Accession number | Total Checkouts | Full call number | Barcode | Date last seen | Price effective from | Koha item type |
|---|---|---|---|---|---|---|---|---|---|---|---|---|---|---|---|
| Library of Congress Classification | BSOP Library | BSOP Library | Chinese Books (General Circulation) | 07/04/2015 | C-14423 | CH BX 9418 Y1 | 00046827 | 07/04/2015 | 07/04/2015 | Books |
